[Event "Asia-ch U18 Girls"]
[Site "Al Ain"]
[Date "2023.12.21"]
[Round "9"]
[White "Swara, Lakshmi S Nair"]
[Black "Premanath, Prasansa"]
[Result "1-0"]
[WhiteElo "1784"]
[BlackElo "1454"]
[PlyCount "63"]
[EventDate "2023.12.14"]
[EventType "swiss"]
[EventRounds "9"]
[EventCountry "UAE"]
[SourceTitle "EXT 2025"]
[Source "ChessBase"]
[SourceDate "2024.10.14"]
[SourceVersion "1"]
[SourceVersionDate "2024.10.14"]
[SourceQuality "1"]

1. e4 c5 2. Nf3 e6 3. d4 cxd4 4. Nxd4 a6 5. Nc3 Qc7 6. Bd3 Nf6 7. Qe2 d6 8. Bd2 Be7 9. 0-0-0 0-0 10. Kb1 b5 11. a3 Nbd7 12. f4 Nc5 13. g4 Bb7 14. g5 Nfd7 15. f5 e5 16. Nf3 f6 17. Rhg1 Nxd3 18. cxd3 Bc6 19. Qg2 fxg5 20. Bxg5 Rf7 21. Bxe7 Rxe7 22. Ng5 Nf6 23. Ne6 Qb7 24. Qg5 Ne8 25. Rdf1 a5 26. f6 Rxe6 27. f7+ Kf8 28. fxe8Q+ Kxe8 29. Qf5 Re7 30. Rxg7 Kd8 31. Qf6 Qd7 32. Qg5 1-0

[Event "World Cup U18 Girls Prel"]
[Site "Tornelo INT"]
[Date "2021.08.01"]
[Round "5"]
[White "Premanath, Prasansa"]
[Black "Cabrera Bautista, Valeria Fernanda"]
[Result "1-0"]
[WhiteElo "1517"]
[BlackElo "1283"]
[PlyCount "159"]
[EventDate "2021.08.01"]
[EventType "swiss (rapid)"]
[EventRounds "10"]
[EventCountry "NET"]
[SourceTitle "EXT 2024"]
[Source "ChessBase"]
[SourceDate "2023.10.10"]
[SourceVersion "1"]
[SourceVersionDate "2023.10.10"]
[SourceQuality "1"]

1. e4 e6 2. d3 d5 3. Nd2 c5 4. g3 Bd6 5. Bg2 Ne7 6. Ngf3 Nbc6 7. 0-0 0-0 8. Re1 f5 9. exd5 exd5 10. Nf1 f4 11. Ng5 h6 12. Ne6 Bxe6 13. Rxe6 Nd4 14. Re1 Qd7 15. c3 Ne6 16. Bh3 Rf6 17. Qe2 Kf7 18. gxf4 Rd8 19. Ng3 Bxf4 20. Bxe6+ Rxe6 21. Qxe6+ Qxe6 22. Rxe6 Bxc1 23. Rxe7+ Kxe7 24. Rxc1 g6 25. Re1+ Kf6 26. Kg2 b5 27. Re3 d4 28. Rf3+ Ke5 29. Ne4 c4 30. Nd2 dxc3 31. bxc3 cxd3 32. Re3+ Kf5 33. Kf3 g5 34. h3 h5 35. Re7 a6 36. Ke3 Rd5 37. Re4 g4 38. hxg4+ hxg4 39. Rf4+ Kg5 40. Rd4 Rf5 41. Rxd3 Kh4 42. Ne4 Rf3+ 43. Kd2 Rf4 44. Re3 a5 45. Kd3 a4 46. Kd4 Rf8 47. Kc5 Rf5+ 48. Kb4 Rd5 49. Re2 Rf5 50. Nd6 Rd5 51. Nxb5 Rd3 52. Kxa4 Rf3 53. Kb4 Rf4+ 54. Nd4 Kh3 55. a4 Kg2 56. a5 Rxf2 57. Rxf2+ Kxf2 58. Nf5 Kf3 59. a6 Kf4 60. a7 Kxf5 61. a8Q Kf4 62. Qg2 Kg5 63. c4 Kh4 64. c5 g3 65. c6 Kg4 66. c7 Kf4 67. c8R Kg4 68. Rg8+ Kf5 69. Qxg3 Ke6 70. Qe3+ Kd5 71. Rd8+ Kc6 72. Qc5+ Kb7 73. Qc8+ Kb6 74. Rd6+ Ka7 75. Qa6+ Kb8 76. Rb6+ Kc7 77. Qb7+ Kd8 78. Rd6+ Ke8 79. Rd7 Kf8 80. Qc8# 1-0